000 00386nam a2200157Ia 4500
008 230711s9999||||xx |||||||||||||| ||und||
041 _aENG
082 _a341.3
_bAT-A
100 _aAtkins,Peter
245 0 _aAtkins physical Chemistry
250 _a7th . . Ed.
260 _c2002
_aNew Delhi
_bOxford University Press
650 _aChemistry
700 _aPaula,Julio De
942 _cBK
999 _c4149
_d4149